Feliz Natal Lobo Mau (Registo nº 32972)

Detalhes MARC
000 -Etiqueta do registo
Valores 00794nam a2200265 4500
010 ## - Número ISBN
ISBN 9789722417747
021 ## - Número do Depósito Legal
-- PT
Número 400804/15
090 ## -
-- 32972
100 ## - Dados gerais de processamento
Dados gerais 20200528d2020 c y0pory50030103ba
101 0# - Língua de publicação
-- por
102 ## - País de publicação
-- PT
200 1# - Titulo e menção de responsabilidade
Título próprio Feliz Natal Lobo Mau
Primeira menção de responsabilidade Clara Cunha
Outras menções de responsabilidade il. Natalina Cóias
205 ## - Menção da edição
Edição 6ª. ed.
210 ## - Publicação
Local de publicação [S.l.]
Nome do editor Livros Horizonte,
Data de publicação 2020
215 ## - Descrição física 
Paginação / Volumes [36] p.
Outras indicações físicas il.
Dimensões 29 cm
225 2# - Colecção 
Título próprio da colecção Álbuns
675 ## - CDU
Notação 087.5
Edição BN
Língua por
675 ## - CDU
Notação 821.134.3-93"20"
Edição BN
Língua por
675 ## - CDU
Notação 821.134.3-34"20"
Edição BN
Língua por
700 ## - Autor principal (pessoa individual)
Apelido Cunha
Nome Clara
Datas 1971-
-- 070
ID Autoridade 4039
701 ## - Co-autor principal (pessoa individual)
Apelido Cóias
Nome Natalina
Datas 1972
-- 070
ID Autoridade 4351
801 #0 - Fonte de origem
País PT
Agência BN
Regras de catalogação RPC
856 41 - Localização e acesso electrónico 
URL <a href="http://rnod.bnportugal.gov.pt/ImagesBN/winlibimg.aspx?skey=&doc=2046122&img=138873&save=true">http://rnod.bnportugal.gov.pt/ImagesBN/winlibimg.aspx?skey=&doc=2046122&img=138873&save=true</a>
990 ## - Elementos KOHA
Tipo de documento Livro
Exemplares
Situação do levantamento Estado Biblioteca de origem Biblioteca de empréstimo Código de barras Cota Permissão de empréstimo Tipo de documento Nota relativa ao exemplar Forma de aquisição
  Completo Biblioteca Municipal de Viana Do Alentejo Biblioteca Municipal de Viana Do Alentejo Pólo Alcáçovas 0032662 8 CUN Disponível Livro DOS 6 AOS 10 ANOS  




Powered by Koha